On two classes of trigonometrical series : inaugural dissertation /
Guardado en:
| Autor Principal: | |
|---|---|
| Formato: | Libro |
| Idioma: | English |
| Publicado: |
Uppsala :
Almqvist & Wiksells Boktryckeri,
1947.
|
| Etiquetas: |
Agregar Etiqueta
Sin Etiquetas, Sea el primero en etiquetar este registro!
|
| LEADER | 00542nam a22001575a 4500 | ||
|---|---|---|---|
| 001 | MAT.inmabb000976 | ||
| 008 | 031119s1947####sw############000#0#eng#d | ||
| 005 | 20170808121616.0 | ||
| 245 | 1 | 0 | |a On two classes of trigonometrical series : |b inaugural dissertation / |c by Arne Broman. |
| 260 | |a Uppsala : |b Almqvist & Wiksells Boktryckeri, |c 1947. | ||
| 300 | |a 50 p. ; |c 25 cm. | ||
| 502 | |a Doctor of Philosophy -- University of Uppsala. | ||
| 510 | 4 | |a MR, |c MR0022264 | |
| 100 | 1 | |a Broman, Arne. | |
| 084 | |a 42-XX |2 msc2000 | ||
| 859 | |h 42 |i B868 |p A-826 |b BIB. MATEMATICA | ||
